[Event "European Blitz 2017"]
[Site "Katowice POL"]
[Date "2017.12.15"]
[Round "17.87"]
[White "Golenia, Wojciech"]
[Black "Walach, Marcin"]
[Result "0-1"]
[BlackTitle "FM"]
[WhiteElo "1984"]
[BlackElo "2319"]
[WhiteFideId "1175300"]
[BlackFideId "1107682"]
[EventDate "2017.12.15"]
[EventType "blitz"]

1. e4 e5 2. Nf3 Nc6 3. Bc4 Nf6 4. Nc3 Nxe4 5. Bxf7+ Kxf7 6. Nxe4 d5 7. Neg5+ Kg8
8. h4 h6 9. Nh3 Bg4 10. d3 e4 11. dxe4 dxe4 12. Qxd8 Rxd8 13. Nd2 Nd4 14. O-O
Ne2+ 15. Kh2 Nxc1 16. Nxe4 Ne2 17. Rad1 Rxd1 18. Rxd1 Kh7 19. Rd2 Bxh3 20. Kxh3
Nf4+ 21. Kh2 Bd6 22. Nxd6 cxd6 23. Rxd6 Rc8 24. c3 Rc7 25. g3 Ng6 26. f4 Ne7 27.
g4 h5 28. Kg3 hxg4 29. Kxg4 Nc6 30. Rd5 Rf7 31. h5 Re7 32. Rd2 a6 33. a3 Na5 34.
Rd4 Nb3 35. Rb4 Nc5 36. Rc4 Nd3 37. b4 Nf2+ 38. Kf3 Nd1 39. Rc8 Re3+ 40. Kg4
Rxc3 41. Rb8 Rc7 42. a4 Nc3 43. a5 Nd5 44. Rd8 Nxb4 45. Rd4 Nc6 46. Rc4 Rd7 47.
Rc5 Re7 48. Rd5 Rf7 49. Kg5 Re7 50. Kg4 Re4 51. Rd7 Nxa5 52. Kg5 b5 53. h6 Kh8
54. hxg7+ Kg8 55. f5 Nc6 56. f6 Re1 57. Kg6 Ne5+ 58. Kh6 Nxd7 59. Kg6 Rg1+ 60.
Kf5 Rf1+ 61. Ke6 Nxf6 62. Ke7 Kxg7 63. Kd8 a5 64. Ke7 a4 0-1

[Event "European Blitz 2017"]
[Site "Katowice POL"]
[Date "2017.12.15"]
[Round "17.88"]
[White "Kastelic, Marian"]
[Black "Olkhovskiy, Alexander"]
[Result "1/2-1/2"]
[WhiteTitle "FM"]
[WhiteElo "2255"]
[BlackElo "2145"]
[WhiteFideId "14602245"]
[BlackFideId "34188611"]
[EventDate "2017.12.15"]
[EventType "swiss"]

1. d4 Nf6 2. c4 e6 3. Nf3 Bb4+ 4. Nc3 b6 5. Bd2 O-O 6. e3 Bb7 7. Be2 d6 8. O-O
Nbd7 9. b3 Qe7 10. a3 Bxc3 11. Bxc3 Ne4 12. Bb2 f5 13. Nd2 Ndf6 14. f3 Nxd2 15.
Qxd2 d5 16. Rac1 Rfe8 17. c5 Rad8 18. b4 c6 19. b5 bxc5 20. Rxc5 Rc8 21. Rfc1
cxb5 22. Bxb5 Rxc5 23. dxc5 Rc8 24. c6 Ba8 25. Qd4 Ne8 26. a4 a6 27. Bxa6 Rxc6
28. Rxc6 Bxc6 29. a5 Nd6 30. Qc5 Bb7 31. Bf1 Nc8 32. Ba3 Qxc5 33. Bxc5 Kf7 34.
a6 Ba8 35. Bb5 e5 36. Bd7 Ne7 37. a7 g5 38. Kf2 e4 39. Ke2 exf3+ 40. gxf3 h5 41.
Kf2 f4 42. exf4 gxf4 43. Ke2 Ng6 44. Bd4 Ke7 45. Bf5 Kf7 46. Kf2 Bc6 47. Bc3 Ne7
48. Bh3 Bb7 49. Bd2 Ng6 50. Bf5 Kf6 51. Bd3 Ne5 52. Be2 Kf5 53. Ba6 Ba8 54. Bc8+
Kg5 55. Ba5 Nc4 56. Bd8+ Kg6 57. h4 Ne5 58. Bg5 d4 59. Bxf4 Nxf3 60. Bh3 Nxh4
61. Be5 d3 62. Ke3 d2 63. Kxd2 Nf3+ 64. Ke3 Nxe5 65. Bf1 Kg5 66. Kd4 Nc6+ 67.
Kc5 Nxa7 68. Kd4 Nc6+ 69. Ke3 Ne5 70. Kf2 Ng4+ 71. Kg3 Be4 72. Be2 h4+ 73. Kh3
Nf2+ 74. Kh2 Kf4 75. Bh5 Bf5 76. Be2 Ng4+ 77. Kh3 Kg5 78. Kg2 Ne3+ 79. Kh2 Nd5
80. Bf3 Nf6 81. Bc6 Kf4 82. Bb7 Nd7 83. Bc6 Ne5 84. Bb7 Nf3+ 85. Kg2 h3+ 86. Kf2
Be4 87. Bc8 h2 88. Kg2 Bd5 89. Bd7 Ne5+ 90. Kxh2 Nxd7 91. Kg1 Ne5 92. Kf2 Nd3+
93. Ke2 Bc4 94. Kd2 Ke4 95. Kc3 Kd5 96. Kd2 Kd4 97. Kc2 Nb4+ 98. Kd2 Bb3 99. Kc1
Kc3 100. Kb1 Nd5 101. Ka1 Ne3 102. Kb1 Nc2 1/2-1/2

[Event "European Blitz 2017"]
[Site "Katowice POL"]
[Date "2017.12.15"]
[Round "17.89"]
[White "Kozak, Antoni"]
[Black "Chernyak, Viktoria"]
[Result "0-1"]
[BlackTitle "WFM"]
[WhiteElo "2076"]
[BlackElo "2196"]
[WhiteFideId "21832030"]
[BlackFideId "24165956"]
[EventDate "2017.12.15"]
[EventType "blitz"]

1. e4 c5 2. Nf3 g6 3. c3 d5 4. exd5 Qxd5 5. d4 Nf6 6. h3 Bg7 7. Be3 cxd4 8. cxd4
O-O 9. Nc3 Qd8 10. Bc4 a6 11. O-O b5 12. Bb3 Bb7 13. Ne5 e6 14. Rc1 Nbd7 15. Qe2
Nb6 16. Rfd1 Rc8 17. Bg5 h6 18. Bh4 g5 19. Bg3 Nbd5 20. Nd3 Nxc3 21. bxc3 Ne4
22. Nc5 Nxg3 23. fxg3 Qc7 24. Rf1 Rce8 25. Kh2 Bc8 26. Ne4 Qd8 27. Bc2 f5 28.
Nd2 e5 29. d5 Kh8 30. c4 bxc4 31. Qxc4 e4 32. Nb3 Bb7 33. Rcd1 Qd6 34. Qc5 Be5
35. Qxd6 Bxd6 36. Nd4 f4 37. gxf4 Bxf4+ 38. g3 Be5 39. Bxe4 Rxf1 40. Rxf1 Bxd4
41. Bf3 Re3 42. Kg2 Ra3 43. Rd1 Rxa2+ 44. Kh1 Be5 45. Bg2 Bxg3 46. Rb1 a5 47.
Be4 Ba6 48. Rb6 Bf1 49. Rxh6+ Kg7 50. Rg6+ Kf7 51. Rxg5 0-1

[Event "European Blitz 2017"]
[Site "Katowice POL"]
[Date "2017.12.15"]
[Round "17.90"]
[White "Zimina, Olga"]
[Black "Smolin, Sergey1"]
[Result "1/2-1/2"]
[WhiteTitle "IM"]
[BlackTitle "IM"]
[WhiteElo "2415"]
[BlackElo "2153"]
[WhiteFideId "4132190"]
[BlackFideId "4131177"]
[EventDate "2017.12.15"]
[EventType "blitz"]

1. Nf3 g6 2. c4 Bg7 3. d4 d6 4. Nc3 Nc6 5. e4 Bg4 6. d5 Bxf3 7. Qxf3 Nd4 8. Qd1
c5 9. Be3 a6 10. Bd3 Nf6 11. O-O O-O 12. f3 Nd7 13. Ne2 Qb6 14. Rb1 a5 15. Qd2
Qb4 16. a3 Qxd2 17. Bxd2 a4 18. Bc3 Ne5 19. Bxd4 cxd4 20. Rfd1 Ra6 21. Nxd4 Rb6
22. Nb5 Rc8 23. b3 axb3 24. Rxb3 Nxd3 25. Rdxd3 Rxc4 26. Kf2 Be5 27. h3 Ra6 28.
Ke2 Kg7 29. Kd2 g5 30. Ke2 h5 31. Kd2 Kg6 32. Ke2 Rc2+ 33. Rd2 Rc1 34. Rd1 Rc5
35. Rdb1 Rc2+ 36. Kf1 Bg3 37. R1b2 Rc1+ 38. Ke2 Re1+ 39. Kd3 Be5 40. Rb1 Rxb1
41. Rxb1 g4 42. hxg4 hxg4 43. Ke2 Ra5 44. Kd3 gxf3 45. gxf3 Kg5 46. Ke3 Bf4+ 47.
Ke2 Kf6 48. Rb3 Ke5 49. Nc3 Bc1 50. Nb5 f5 51. Kd3 fxe4+ 52. fxe4 Ra4 53. Nc3
Rxa3 54. Rxb7 e6 55. dxe6 Kxe6 56. Rc7 Bb2 57. Kc2 Bxc3 58. Rxc3 Ra4 59. Kd3 Ra1
60. Rb3 Rh1 61. Kd4 Rd1+ 62. Ke3 Ke5 1/2-1/2

[Event "European Blitz 2017"]
[Site "Katowice POL"]
[Date "2017.12.15"]
[Round "17.91"]
[White "Budrewicz, Krzysztof"]
[Black "Michalski, Filip"]
[Result "0-1"]
[WhiteElo "2204"]
[BlackElo "2089"]
[WhiteFideId "1127950"]
[BlackFideId "1151371"]
[EventDate "2017.12.15"]
[EventType "swiss"]

1. d4 Nf6 2. Bg5 e6 3. Nd2 h6 4. Bh4 d6 5. c3 Nbd7 6. e4 e5 7. Bd3 Be7 8. d5 O-O
9. Bg3 a5 10. Ne2 g6 11. f3 Nh5 12. Bf2 Ng7 13. O-O b6 14. Bc2 f5 15. Re1 Nf6
16. a3 g5 17. exf5 Nxf5 18. Ne4 Bd7 19. Qd3 Rf7 20. b4 Qf8 21. N2g3 Qg7 22. Qd2
Nxe4 23. Bxe4 Nxg3 24. hxg3 Rff8 25. Qd3 Bf6 26. c4 Be7 27. Be3 g4 28. Bf2 Qg5
29. Qe3 Qh5 30. Qe2 gxf3 31. gxf3 Kh8 32. Be3 Rg8 33. Qh2 Bh3 34. Bf2 Raf8 35.
bxa5 bxa5 36. Rab1 Bg5 37. Rb3 Bf4 38. Kh1 Bd2 39. Rd1 Bg5 40. a4 Bd8 41. Rdd3
Rf7 42. Rb8 Rfg7 43. Rd1 Be7 44. Rxg8+ Rxg8 45. Rb1 Bg5 46. g4 Bxg4 47. fxg4
Qxg4 48. Qg2 Qf4 49. Qf3 Qd2 50. Rg1 Kg7 51. Qf5 Rf8 52. Qg6+ 0-1

[Event "European Blitz 2017"]
[Site "Katowice POL"]
[Date "2017.12.15"]
[Round "17.92"]
[White "Miton, Kamil"]
[Black "Walter, Szymon"]
[Result "1-0"]
[WhiteTitle "GM"]
[WhiteElo "2584"]
[BlackElo "2246"]
[WhiteFideId "1111914"]
[BlackFideId "1172590"]
[EventDate "2017.12.15"]
[EventType "blitz"]

1. d4 Nf6 2. c4 e6 3. g3 Bb4+ 4. Bd2 Qe7 5. Bg2 O-O 6. Nf3 Nc6 7. O-O Bxd2 8.
Qxd2 d6 9. Nc3 e5 10. d5 Nb8 11. Nh4 a5 12. e4 Na6 13. Rae1 Nc5 14. h3 c6 15.
Nf5 Bxf5 16. exf5 Qc7 17. g4 a4 18. Re3 Rad8 19. Rd1 Rfe8 20. Qe2 Nfd7 21. g5
Nb6 22. f6 g6 23. f4 cxd5 24. Bxd5 Ne6 25. Bxe6 Rxe6 26. Nd5 Nxd5 27. cxd5 Ree8
28. Kg2 Qc5 29. Re4 Kf8 30. f5 Rc8 31. fxg6 hxg6 32. Rd2 Qc1 33. Qf2 Red8 34.
Re1 Qc4 35. Ree2 Rc5 36. Qf3 Qh4 37. Qe3 Rc4 38. Rc2 Rdc8 39. Rxc4 Rxc4 40. Rf2
Rf4 41. Rxf4 exf4 42. Qe7+ Kg8 43. Qe8+ 1-0

[Event "European Blitz 2017"]
[Site "Katowice POL"]
[Date "2017.12.15"]
[Round "17.93"]
[White "Tymrakiewicz, Rafal"]
[Black "Luch, Michal"]
[Result "0-1"]
[WhiteTitle "FM"]
[BlackTitle "IM"]
[WhiteElo "2272"]
[BlackElo "2398"]
[WhiteFideId "1108832"]
[BlackFideId "1120042"]
[EventDate "2017.12.15"]
[EventType "blitz"]

1. d4 Nf6 2. Bf4 d6 3. e3 g6 4. Nf3 Bg7 5. Bc4 O-O 6. Nbd2 Nfd7 7. c3 e5 8. Bg3
Kh8 9. Qe2 c6 10. dxe5 dxe5 11. Rd1 Qe7 12. e4 b5 13. Bb3 Nc5 14. Bc2 a5 15. O-O
a4 16. Rfe1 Ba6 17. Qe3 Nbd7 18. h4 h5 19. b4 axb3 20. axb3 f6 21. b4 Ne6 22.
Bb3 Nc7 23. Ra1 Kh7 24. Qd3 Rfd8 25. Qc2 Bh6 26. Red1 Nb6 27. Nh2 Bb7 28. Nhf1
Rxa1 29. Rxa1 c5 30. bxc5 Qxc5 31. Kh2 Ra8 32. Rxa8 Bxa8 33. f3 Bc6 34. Ba2 Na4
35. Qb3 Qf8 36. Bf2 Bd7 37. Be3 Be6 38. Qb1 Nxc3 39. Qc2 b4 40. Bb3 Bxe3 41.
Nxe3 Qc5 42. Ndc4 N7b5 43. Qd3 Qd4 44. Qxd4 Nxd4 45. Na5 Nxb3 46. Nc6 Na2 47. g3
Nd4 48. Nd8 Bg8 49. f4 b3 50. Nd1 Nb4 51. Nb7 Nd3 52. fxe5 fxe5 53. Nc5 Nxc5 0-1

[Event "European Blitz 2017"]
[Site "Katowice POL"]
[Date "2017.12.15"]
[Round "17.94"]
[White "Kubica, Kamil"]
[Black "Djuric, Stefan"]
[Result "1-0"]
[BlackTitle "GM"]
[WhiteElo "2166"]
[BlackElo "2383"]
[WhiteFideId "1146360"]
[BlackFideId "900133"]
[EventDate "2017.12.15"]
[EventType "blitz"]

1. d4 Nf6 2. c4 g6 3. Nc3 Bg7 4. e4 O-O 5. f3 d6 6. Bg5 Nbd7 7. Qd2 c5 8. d5 Re8
9. Bd3 a6 10. Nge2 Ne5 11. O-O b5 12. cxb5 Nxd3 13. Qxd3 axb5 14. Nxb5 Ba6 15.
a4 Qb6 16. Nec3 Nd7 17. Be3 Ne5 18. Qe2 Qa5 19. f4 Nd7 20. Qg4 Nb6 21. f5 Nc4
22. fxg6 hxg6 23. Rxf7 Kxf7 24. Qe6+ 1-0

[Event "European Blitz 2017"]
[Site "Katowice POL"]
[Date "2017.12.15"]
[Round "17.95"]
[White "Colls Gelaberto, Emili"]
[Black "Janaszak, Dawid"]
[Result "0-1"]
[WhiteTitle "CM"]
[BlackTitle "FM"]
[WhiteElo "2093"]
[BlackElo "2372"]
[WhiteFideId "2209950"]
[BlackFideId "1119206"]
[EventDate "2017.12.15"]
[EventType "blitz"]

1. e4 Nf6 2. d4 g6 3. Nf3 Bg7 4. Bf4 O-O 5. Bd3 d6 6. h3 b6 7. O-O Bb7 8. c4
Nbd7 9. Nc3 Re8 10. d5 e5 11. Be3 Nh5 12. Re1 Nc5 13. Bf1 a5 14. Qd2 Bc8 15. Bg5
Bf6 16. Bxf6 Qxf6 17. Qg5 Qg7 18. Nh2 h6 19. Qe3 Nf4 20. Ne2 g5 21. Ng3 h5 22.
b3 Qg6 23. f3 Bd7 24. Ne2 f5 25. Nc3 Rf8 26. Kh1 fxe4 27. Nxe4 Nxe4 28. Qxe4 Bf5
29. Qe3 Qg7 30. Be2 Rae8 31. Nf1 e4 32. fxe4 0-1

[Event "European Blitz 2017"]
[Site "Katowice POL"]
[Date "2017.12.15"]
[Round "17.96"]
[White "Snihur, Piotr"]
[Black "Mitkov, Marjan"]
[Result "1-0"]
[BlackTitle "IM"]
[WhiteElo "2233"]
[BlackElo "2333"]
[WhiteFideId "1157191"]
[BlackFideId "15000354"]
[EventDate "2017.12.15"]
[EventType "blitz"]

1. e4 e5 2. Nf3 Nc6 3. Bb5 a6 4. Ba4 Nf6 5. d3 d6 6. c3 Be7 7. O-O O-O 8. Re1
Bd7 9. Nbd2 Re8 10. Nf1 Bf8 11. Ng3 g6 12. d4 Bg7 13. Bg5 h6 14. Bd2 b5 15. Bc2
Bg4 16. d5 Ne7 17. h3 Bd7 18. Qc1 Kh7 19. Be3 c6 20. dxc6 Bxc6 21. Qd2 Qc7 22.
Rad1 Rad8 23. Qe2 d5 24. exd5 Nexd5 25. Qf1 Nxe3 26. Rxe3 Nd5 27. Ree1 Nf4 28.
Rxd8 Rxd8 29. Be4 Bxe4 30. Nxe4 Qc6 31. Ng3 Nxh3+ 32. Kh2 Nf4 33. Nxe5 Qc7 34.
Nf3 Nh5 35. Re4 Nxg3 36. fxg3 f5 37. Re6 Rd6 38. Qe2 Rxe6 39. Qxe6 Kh8 40. Qxg6
Qd7 41. Nh4 Qd2 42. Nxf5 Qg5 43. Qxg5 hxg5 44. Nxg7 Kxg7 45. Kh3 Kg6 46. Kg4 a5
47. b3 1-0

[Event "European Blitz 2017"]
[Site "Katowice POL"]
[Date "2017.12.15"]
[Round "17.98"]
[White "Nikitenko, Mihail"]
[Black "Mis, Mieszko"]
[Result "0-1"]
[WhiteTitle "IM"]
[WhiteElo "2361"]
[BlackElo "2240"]
[WhiteFideId "13506862"]
[BlackFideId "1196448"]
[EventDate "2017.12.15"]
[EventType "blitz"]

1. d4 Nf6 2. Nf3 d5 3. Bf4 c5 4. e3 Nc6 5. c3 Qb6 6. Qb3 c4 7. Qc2 Bf5 8. Qc1 e6
9. Nbd2 Be7 10. h3 O-O 11. Be2 Rac8 12. O-O h6 13. Re1 Qa5 14. Bd1 b5 15. a3 Qb6
16. Bc2 a5 17. Ne5 Nxe5 18. dxe5 Ne4 19. Bxe4 dxe4 20. Qc2 Rfd8 21. Nf1 Rd3 22.
Ng3 Bg6 23. Ne2 Bc5 24. Nd4 b4 25. axb4 axb4 26. Ra4 bxc3 27. bxc3 Bxd4 28. exd4
Qb3 29. Rc1 Rb8 30. Ra5 Kh7 31. Be3 Qxc2 32. Rxc2 Rb3 33. Rc5 Rdxc3 34. Rxc4 Rd3
35. h4 Rb1+ 36. Kh2 Rbd1 37. Rc7 h5 38. Ra7 Rb1 39. Rc8 Rb5 40. Kg3 Bf5 41. Raa8
Kg6 42. Rh8 Rbb3 43. Rag8 Rxe3+ 44. fxe3 Rxe3+ 45. Kf2 Rd3 46. Rd8 Rd2+ 47. Ke3
Rd3+ 48. Kf2 Rd2+ 49. Ke3 Rd3+ 50. Kf2 Bg4 51. Ra8 e3+ 52. Kg3 e2+ 53. Kf2 Rd1 0-1

[Event "European Blitz 2017"]
[Site "Katowice POL"]
[Date "2017.12.15"]
[Round "17.99"]
[White "Bednarczyk, Damian"]
[Black "Dudzinski, Pawel"]
[Result "1-0"]
[BlackTitle "FM"]
[WhiteElo "2227"]
[BlackElo "2241"]
[WhiteFideId "1137000"]
[BlackFideId "1117890"]
[EventDate "2017.12.15"]
[EventType "blitz"]

1. Nf3 g6 2. g3 Bg7 3. Bg2 c6 4. O-O d5 5. d3 Nd7 6. Nbd2 e5 7. e4 Ne7 8. c3 O-O
9. Re1 f5 10. Nb3 dxe4 11. dxe4 f4 12. Qe2 fxg3 13. hxg3 Nb6 14. Rd1 Qc7 15.
Nfd2 Be6 16. Nf1 Bc4 17. Qe1 Rad8 18. Be3 Na4 19. Rd2 Rxd2 20. Nfxd2 Nxb2 21.
Qb1 Na4 22. Nxc4 b5 23. Ncd2 Rd8 24. Qc2 Qd6 25. Bf3 Qa3 26. Rd1 c5 27. Nb1
Rxd1+ 28. Bxd1 c4 29. Nxa3 cxb3 30. Qxb3+ Kf8 31. Qxb5 Nxc3 32. Qb8+ Kf7 33. Bc5
Nxd1 34. Qc7 Bf8 35. Nc4 Nc3 36. a3 Kg8 37. Nxe5 Ne2+ 1-0

[Event "European Blitz 2017"]
[Site "Katowice POL"]
[Date "2017.12.15"]
[Round "17.100"]
[White "Frink, Ferenc"]
[Black "Radnai, Adam"]
[Result "0-1"]
[WhiteTitle "FM"]
[BlackTitle "FM"]
[WhiteElo "2106"]
[BlackElo "2266"]
[WhiteFideId "704946"]
[BlackFideId "726702"]
[EventDate "2017.12.15"]
[EventType "blitz"]

1. e4 c5 2. b4 cxb4 3. a3 d5 4. e5 Nc6 5. d4 Qb6 6. Be3 Bf5 7. Bd3 Bxd3 8. Qxd3
e6 9. Ne2 a5 10. axb4 Nxb4 11. Qb3 Qa6 12. Nbc3 Ne7 13. O-O Nf5 14. Qa4+ Nc6 15.
Nb5 Rc8 16. g4 Nxe3 17. fxe3 Be7 18. Nf4 O-O 19. Rf3 b6 20. Raf1 Na7 21. Nd6
Bxd6 22. exd6 b5 23. Qa2 a4 24. Nxd5 exd5 25. Qxd5 Qc6 26. Qe5 Qd7 27. Rf4 a3
28. Qe4 0-1

[Event "European Blitz 2017"]
[Site "Katowice POL"]
[Date "2017.12.15"]
[Round "18.2"]
[White "Andriasian, Zaven"]
[Black "Navara, David"]
[Result "1-0"]
[WhiteTitle "GM"]
[BlackTitle "GM"]
[WhiteElo "2585"]
[BlackElo "2740"]
[WhiteFideId "13302000"]
[BlackFideId "309095"]
[EventDate "2017.12.15"]
[EventType "blitz"]

1. e4 c6 2. d3 d5 3. Nd2 e5 4. Ngf3 Bd6 5. g3 Nf6 6. Bg2 O-O 7. O-O Re8 8. Re1
a5 9. a4 Na6 10. b3 Bg4 11. h3 Bxf3 12. Bxf3 Bb4 13. Bb2 d4 14. Rf1 b5 15. Bg2
Nd7 16. Kh2 Nac5 17. axb5 cxb5 18. f4 a4 19. bxa4 Nxa4 20. Rb1 Bc3 21. Bc1 b4
22. Nf3 Nac5 23. fxe5 Nxe5 24. Nxe5 Rxe5 25. Bf4 Re6 26. Qf3 Qd7 27. h4 Ra2 28.
Rf2 Re8 29. Rbf1 Rf8 30. Bh3 Qc6 31. h5 h6 32. Qg4 b3 33. Be5 f6 34. Bxf6 Qc7
35. Bxg7 Rxf2+ 36. Rxf2 1-0

[Event "European Blitz 2017"]
[Site "Katowice POL"]
[Date "2017.12.15"]
[Round "18.3"]
[White "Fressinet, Laurent"]
[Black "Demidov, Mikhail"]
[Result "1-0"]
[WhiteTitle "GM"]
[BlackTitle "IM"]
[WhiteElo "2662"]
[BlackElo "2523"]
[WhiteFideId "608742"]
[BlackFideId "4197143"]
[EventDate "2017.12.15"]
[EventType "blitz"]

1. e4 e6 2. d4 d5 3. exd5 exd5 4. Nf3 Nf6 5. Bd3 Bd6 6. O-O O-O 7. h3 h6 8. Nc3
c6 9. Ne5 Re8 10. Bf4 Qc7 11. Qf3 Nbd7 12. Nxd7 Bxd7 13. Bxh6 Ne4 14. Be3 f5 15.
Ne2 Rf8 16. Bf4 Rae8 17. Rfe1 g5 18. Bxd6 Qxd6 19. Bxe4 dxe4 20. Qg3 Qh6 21. h4
Qxh4 22. Qxh4 gxh4 23. Nf4 Kf7 24. Kf1 Kf6 25. Ke2 Kg5 26. Ke3 Rh8 27. Rh1 Be6
28. Rh3 Bf7 29. Rah1 a5 30. a3 Rd8 31. g3 b6 32. Rxh4 Rxh4 33. gxh4+ Kh6 34. Rg1
c5 35. d5 Rd6 36. Rg5 Rf6 37. c4 a4 38. Ne2 b5 39. cxb5 Bxd5 40. Kf4 Bc4 41. Nc3
Be6 1-0

[Event "European Blitz 2017"]
[Site "Katowice POL"]
[Date "2017.12.15"]
[Round "18.4"]
[White "Hracek, Zbynek"]
[Black "Michalik, Peter"]
[Result "0-1"]
[WhiteTitle "GM"]
[BlackTitle "GM"]
[WhiteElo "2592"]
[BlackElo "2557"]
[WhiteFideId "300071"]
[BlackFideId "14907526"]
[EventDate "2017.12.15"]
[EventType "blitz"]

1. e4 c5 2. Nf3 d6 3. d4 cxd4 4. Nxd4 Nf6 5. Nc3 Nc6 6. Bg5 e6 7. Qd2 a6 8.
O-O-O Bd7 9. f4 b5 10. Bxf6 gxf6 11. f5 h5 12. Kb1 Qb6 13. fxe6 fxe6 14. Nxc6
Bxc6 15. Bd3 b4 16. Ne2 Qc5 17. Rhf1 Bh6 18. Qe1 Ke7 19. Nf4 Rag8 20. Nd5+ Bxd5
21. exd5 e5 22. g3 a5 23. Rf3 a4 24. Qf1 Rf8 25. Be4 a3 26. Qh3 Kd8 27. Qe6 Bg7
28. bxa3 Re8 29. Qh3 bxa3 30. Rb3 Kc7 31. Qf1 Rb8 32. Rd3 f5 33. Bxf5 e4 34.
Bxe4 Rhf8 35. Qe1 Rf2 36. c3 0-1

[Event "European Blitz 2017"]
[Site "Katowice POL"]
[Date "2017.12.15"]
[Round "18.5"]
[White "Bartel, Mateusz"]
[Black "Bosiocic, Marin"]
[Result "1-0"]
[WhiteTitle "GM"]
[BlackTitle "GM"]
[WhiteElo "2609"]
[BlackElo "2624"]
[WhiteFideId "1112635"]
[BlackFideId "14507927"]
[EventDate "2017.12.15"]
[EventType "blitz"]

1. e4 c5 2. Nf3 e6 3. d4 cxd4 4. Nxd4 Nc6 5. Nc3 Qc7 6. Qd3 Nxd4 7. Qxd4 a6 8.
Be3 b5 9. Bd3 Bb7 10. O-O Rc8 11. a4 b4 12. Na2 a5 13. c3 e5 14. Qb6 Nf6 15.
Qxc7 Rxc7 16. Bb6 Rc8 17. Bxa5 b3 18. Nc1 Nxe4 19. Nxb3 f5 20. Bb6 h5 21. a5 Rh6
22. Rfe1 Bd5 23. Bxe4 fxe4 24. Nd2 Rg6 25. Nxe4 d6 26. f3 h4 27. h3 Ba8 28. Rad1
Kf7 29. Kh1 Kg8 30. Nf2 Rf6 31. Re3 Rf4 32. b3 Rf7 33. c4 Be7 34. Ne4 Rc6 35.
Nc3 Kh7 36. Red3 Rc8 37. Nd5 Bg5 38. Re1 Kg6 39. Re4 Kh7 40. Bf2 Bf4 41. Bxh4
Ra7 42. Be1 Kg6 43. Nxf4+ Kf5 44. Nd5 1-0

[Event "European Blitz 2017"]
[Site "Katowice POL"]
[Date "2017.12.15"]
[Round "18.7"]
[White "Chigaev, Maksim"]
[Black "McShane, Luke J"]
[Result "0-1"]
[WhiteTitle "GM"]
[BlackTitle "GM"]
[WhiteElo "2555"]
[BlackElo "2640"]
[WhiteFideId "4108116"]
[BlackFideId "404853"]
[EventDate "2017.12.15"]
[EventType "blitz"]

1. e4 e5 2. Nf3 Nc6 3. d4 exd4 4. Nxd4 Qf6 5. Nxc6 Bc5 6. Qf3 Qxf3 7. gxf3 bxc6
8. Nd2 Ne7 9. Nb3 Bb6 10. c4 c5 11. Be3 d6 12. h4 Nc6 13. h5 Nd4 14. O-O-O Nxf3
15. Be2 Ne5 16. f4 Bg4 17. Bxg4 Nxg4 18. Bg1 f5 19. e5 O-O-O 20. exd6 cxd6 21.
Rh3 Rhe8 22. a4 Re4 23. Rc3 Rxf4 24. Kb1 Re4 25. Ka2 Ne5 26. Nd2 Rh4 27. Nf3
Rxh5 28. Nxe5 dxe5 29. Rxd8+ Kxd8 30. Rd3+ Ke7 31. a5 Bxa5 32. Bxc5+ Kf6 33.
Rd6+ Kg5 34. Bxa7 e4 35. Rd7 f4 36. Rxg7+ Kf5 37. c5 e3 38. c6 e2 39. Re7 Rh6
40. b4 Re6 41. Rxe6 Kxe6 0-1

[Event "European Blitz 2017"]
[Site "Katowice POL"]
[Date "2017.12.15"]
[Round "18.8"]
[White "Piorun, Kacper"]
[Black "Brunello, Sabino"]
[Result "1-0"]
[WhiteTitle "GM"]
[BlackTitle "GM"]
[WhiteElo "2651"]
[BlackElo "2553"]
[WhiteFideId "1130420"]
[BlackFideId "813613"]
[EventDate "2017.12.15"]
[EventType "blitz"]

1. e4 e5 2. Nf3 Nc6 3. Bb5 a6 4. Ba4 Nf6 5. O-O Be7 6. d3 d6 7. c3 O-O 8. Nbd2
Re8 9. Re1 Bf8 10. Nf1 h6 11. Ng3 b5 12. Bc2 d5 13. exd5 Nxd5 14. h3 g6 15. a4
Rb8 16. axb5 axb5 17. Bb3 b4 18. Ne4 Bg7 19. Bxh6 bxc3 20. Bxg7 Kxg7 21. bxc3
Nf4 22. Ba4 Rb6 23. d4 exd4 24. Bxc6 Rxc6 25. Qxd4+ Qxd4 26. Nxd4 Rb6 27. Nc5
Rxe1+ 28. Rxe1 Nd5 29. c4 Nf4 30. Re7 Ba6 31. Nxa6 Rxa6 32. Rxc7 Nd3 33. f3 Ra2
34. c5 Nf4 35. c6 Rxg2+ 36. Kf1 Rd2 37. Rd7 Kf6 38. c7 Rd1+ 39. Kf2 Rc1 40. Rd6+
Ke5 41. Nc6+ Kxd6 42. c8=Q Rxc6 43. Qd8+ Ke6 44. Kg3 Nd5 45. Qe8+ Ne7 46. h4 Rc5
47. Qa8 Rf5 48. Qa2+ Kf6 49. Qa1+ Ke6 50. Qb2 Nd5 51. Qg7 Nf6 52. Qh8 Rd5 53.
Qa8 Nh5+ 54. Kf2 Nf6 55. Qa6+ Ke7 56. Qa3+ Ke6 57. Qe3+ Kd7 58. Ke2 Rf5 59. Qa7+
Ke6 60. Qb7 Nd7 61. Qb3+ Ke7 62. Qb4+ Ke6 63. f4 Nc5 64. Ke3 Ke7 65. Qa3 Kf8 66.
Qa8+ Kg7 67. Qa1+ Kh7 68. Qa7 Ne6 69. Qe7 Nxf4 70. Qd8 Ne6 71. Qe7 Kg7 72. Qa7
Nf4 73. Qa1+ Kh7 74. Qa7 Nh5 75. Qc7 Kg7 76. Qc3+ Nf6 77. Ke2 Rh5 78. Qd4 Rf5
79. Qc3 Kg8 80. Qd4 Nd5 81. Qa7 Nf4+ 82. Kd2 Ne6 83. Qb8+ Kg7 84. Qb2+ Kh7 85.
Qb7 Rf4 86. Ke3 Kg7 87. Qb2+ Rd4 88. Qa1 Kg8 89. Qh1 Rd8 90. Ke4 1-0

[Event "European Blitz 2017"]
[Site "Katowice POL"]
[Date "2017.12.15"]
[Round "18.9"]
[White "Plat, Vojtech"]
[Black "Mohr, Georg"]
[Result "1-0"]
[WhiteTitle "GM"]
[BlackTitle "GM"]
[WhiteElo "2567"]
[BlackElo "2473"]
[WhiteFideId "325740"]
[BlackFideId "14600013"]
[EventDate "2017.12.15"]
[EventType "blitz"]

1. e4 Nc6 2. Nf3 d6 3. d4 Nf6 4. Nc3 Bg4 5. Be3 e6 6. h3 Bh5 7. d5 exd5 8. exd5
Nb8 9. Be2 Be7 10. Nh4 Bxe2 11. Qxe2 O-O 12. Nf5 Re8 13. O-O-O Nbd7 14. Bd4 c5
15. dxc6 bxc6 16. Qf3 c5 17. Bxf6 Nxf6 18. Qg3 Nh5 19. Qg4 g6 20. Kb1 Bf8 21.
Qf3 Rb8 22. g4 Nf6 23. Ne3 Bg7 24. b3 Qa5 25. Nc4 Qb4 26. Nxd6 Re6 27. g5 Nh5
28. Qxf7+ Kh8 29. Qxe6 Bxc3 30. Nf7+ Kg7 31. Rd7 Qa3 32. Ne5+ Kh8 33. Rxh7+ 1-0